| 000 | 00541cam a22002291 4500 | ||
|---|---|---|---|
| 001 | sa 65002788 | ||
| 003 | DLC | ||
| 005 | 20260227112119.0 | ||
| 008 | 941010s1963 ii 000 0 telo | ||
| 010 | _asa 65002788 | ||
| 025 | _aPL480:I-Te-825 | ||
| 035 | _a(OCoLC)31253685 | ||
| 040 |
_aDLC _cCU _dCU _dDLC |
||
| 042 | _apremarc | ||
| 050 | 0 | 0 |
_aPL4780.9.J6 _bM8 |
| 100 | 1 |
_aJoshua, Gurram, _d1895-1971. |
|
| 245 | 1 | 0 | _aMusāpharulu. |
| 260 | _c[1963] | ||
| 300 |
_axiv, 50 p. _c19 cm. |
||
| 500 | _aIn Telugu. | ||
| 500 | _aPoems. | ||
| 999 |
_c62817 _d62817 |
||